Normal view
MARC view
Entry Personal Name
001 - CONTROL NUMBER
- control field: 7833
003 - CONTROL NUMBER IDENTIFIER
- control field: OSt
005 - DATE AND TIME OF LATEST TRANSACTION
- control field: 20160413160345.0
008 - FIXED-LENGTH DATA ELEMENTS
- fixed length control field: 160413|| aca||aabn | a|a d
040 ## - CATALOGING SOURCE
- Original cataloging agency: OSt
- Transcribing agency: OSt
100 ## - HEADING--PERSONAL NAME
- Personal name: Arnott, Richard.
670 ## - SOURCE DATA FOUND
- Source citation: Work cat.: (OSt)3507: Vickrey, William S. (William Spencer), 1914- 7832, Public economics :, 1994.
